La carta a los romanos
Αποθηκεύτηκε σε:
| Κύριος συγγραφέας: | |
|---|---|
| Μορφή: | Βιβλίο |
| Γλώσσα: | Ισπανικά |
| Έκδοση: |
Pamplona
Verbo Divino
2002
Pamplona Asociación Bíblica Española 2002 |
| Σειρά: | Reseña Bíblica, 34
|
| Θέματα: | |
| Ετικέτες: |
Προσθήκη ετικέτας
Δεν υπάρχουν, Καταχωρήστε ετικέτα πρώτοι!
|
MARC
| LEADER | 00000nam a2200000 a 4500 | ||
|---|---|---|---|
| 001 | UCL4972 | ||
| 003 | CL-VaPUC | ||
| 008 | 040227e20020000SP |||||||||||||||||spa|d | ||
| 082 | 0 | 4 | |a 227.1 |b DIA |2 21 |
| 100 | 0 | |a Díaz Rodelas, Juan Miguel |e author |9 482703 | |
| 245 | 1 | 3 | |a La carta a los romanos |
| 300 | |a 72 p | ||
| 942 | |c BK | ||
| 945 | |d 20040227 00:00:00 |a cmena | ||
| 260 | |a Pamplona |b Verbo Divino |c 2002 | ||
| 260 | |a Pamplona |b Asociación Bíblica Española |c 2002 | ||
| 600 | 0 | 7 | |a NUEVO TESTAMENTO |2 CL-VaPUC |9 455857 |
| 650 | 0 | |a Epístolas |9 321181 | |
| 583 | |a last modification |c 20130402 08:22:07 |k Rodrigo Vera | ||
| 490 | 0 | |a Reseña Bíblica, 34 | |
| 999 | |c 307717 |d 307715 | ||
| 952 | |0 0 |1 0 |4 0 |6 227_100000000000000_DIA_2002_2002 |7 0 |8 A |9 373800 |a BIBTEO |b BIBTEO |d 2019-11-21 |i 3967956 |o 227.1 DIA 2002 2002 |p 3967956 |r 2025-01-17 |w 2019-11-21 |y BK |k ICR | ||